000 00578nam a22002297a 4500
003 UA-OsUOA
001 46903
007 ta
008 20070706b un ||||| |||| 00| 0 ukr d
100 _aК. Иванов
090 _a7,071,2
_bК11
942 _cBKA
040 _aUA-OsUOA
_brus
_cUA-OsUOA
_dUA-OsUOA
245 _aВолшебство музыки
300 _a157 с.
955 _a2
041 _arus
080 _a7,071,2
260 _aМ.
_bМолодая гвардия
_c1983
650 7 _a7 Мистецтво. Ігри. Спорт.
_2UDC
999 _c333006
_d333006